[Event "Prva liga Centralne Srbije"]
[Site "Nis"]
[Date "2006.09.09"]
[Round "1.6"]
[White "Dmitrovic, Tomislav"]
[Black "Miljkovic, Miroslav"]
[Result "0-1"]
[WhiteElo "2274"]
[BlackElo "2385"]
[PlyCount "118"]
[EventDate "2006.09.09"]

1. d4 d5 2. Bg5 h6 3. Bh4 c6 4. e3 Qb6 5. Qc1 Bf5 6. Nf3 e6 7. Nbd2 c5 8. Be2
Nc6 9. c3 cxd4 10. exd4 Rc8 11. O-O Bd6 12. Nb3 Nge7 13. Qd2 O-O 14. Bg3 Bxg3
15. hxg3 Rcd8 16. Rfe1 Nc8 17. Bd3 Bxd3 18. Qxd3 Nd6 19. Re2 Ne4 20. Nfd2 Nf6
21. Rae1 Qc7 22. Qe3 b6 23. Qf4 Qxf4 24. gxf4 Ne7 25. g3 Nf5 26. Kg2 Rc8 27.
Nc1 Rc7 28. Nd3 Rfc8 29. Ne5 Nd6 30. f3 a5 31. a4 Rb8 32. Ra1 Nd7 33. Nd3 Kf8
34. g4 g6 35. Kg3 Kg7 36. Rh2 Nf6 37. Rah1 h5 38. g5 Nd7 39. Ra1 Rbc8 40. Re2
Nb8 41. Ne5 Nc6 42. Nxc6 Rxc6 43. Nf1 Rb8 44. Ne3 b5 45. axb5 Rxb5 46. Kf2 Rcb6
47. Ra2 a4 48. Ke1 Rb3 49. Rc2 Ra6 50. Kd2 a3 51. bxa3 Raxa3 52. Rxa3 Rxa3 53.
f5 Nxf5 54. Nxf5+ gxf5 55. Ke3 Ra1 56. c4 dxc4 57. Rxc4 Kg6 58. f4 h4 59. d5 h3
0-1

[Event "Prva liga Centralne Srbije"]
[Site "Nis"]
[Date "2006.09.09"]
[Round "1.6"]
[White "Maksimovic, Branimir"]
[Black "Milunovic, Toni"]
[Result "1/2-1/2"]
[WhiteElo "2399"]
[BlackElo "2292"]
[PlyCount "61"]
[EventDate "2006.09.09"]

1. d4 e6 2. e4 d5 3. Nd2 dxe4 4. Nxe4 Bd7 5. Nf3 Bc6 6. Bd3 Nd7 7. Qe2 Ngf6 8.
O-O Be7 9. Ng3 Bxf3 10. Qxf3 c6 11. Bd2 Nf8 12. Rfe1 Ng6 13. Ne2 O-O 14. g3 Qd5
15. Qe3 c5 16. c3 Rad8 17. f3 cxd4 18. cxd4 Qd7 19. Rad1 Bd6 20. Qf2 Bc7 21.
Kg2 Nd5 22. Nc3 Bb6 23. Be4 Nge7 24. Bg5 Rc8 25. Qc2 h6 26. Bxe7 Nxe7 27. Qb3
Ba5 28. Re3 Bxc3 29. Rxc3 Nd5 30. Bxd5 exd5 31. Rdc1 1/2-1/2

[Event "Prva liga Centralne Srbije"]
[Site "Nis"]
[Date "2006.09.09"]
[Round "1.6"]
[White "Tosic, Nebojsa"]
[Black "Perunovic, Miodrag"]
[Result "0-1"]
[WhiteElo "2228"]
[BlackElo "2376"]
[PlyCount "40"]
[EventDate "2006.09.09"]

1. e4 e6 2. Nf3 d5 3. e5 c5 4. b4 cxb4 5. d4 Nc6 6. Bd3 f6 7. O-O fxe5 8. dxe5
Nh6 9. Ng5 Nxe5 10. Nxh7 Bd6 11. Bb5+ Bd7 12. Bxd7+ Kxd7 13. Ng5 Qf6 14. c3
Nhf7 15. f4 Nxg5 16. fxe5 Bc5+ 17. Kh1 Rxh2+ 18. Kxh2 Rh8+ 19. Kg3 Ne4+ 20. Kg4
Rh4# 0-1

[Event "Prva liga Centralne Srbije"]
[Site "Nis"]
[Date "2006.09.09"]
[Round "1.6"]
[White "Miljkovic, Mihajlo"]
[Black "Rajkovic, Aleksandar"]
[Result "1/2-1/2"]
[WhiteElo "2280"]
[BlackElo "2148"]
[PlyCount "35"]
[EventDate "2006.09.09"]

1. d4 d5 2. c4 c6 3. Nf3 Nf6 4. cxd5 cxd5 5. Nc3 Nc6 6. Bf4 Qb6 7. Na4 Qb4+ 8.
Bd2 Qd6 9. e3 Ne4 10. Be2 g6 11. O-O Bg7 12. Rc1 O-O 13. a3 Nxd2 14. Qxd2 b6
15. b4 Bb7 16. Rc2 Rac8 17. Rfc1 Nb8 18. h3 1/2-1/2

[Event "Prva liga Centralne Srbije"]
[Site "Nis"]
[Date "2006.09.09"]
[Round "1.6"]
[White "Mickovic, Slavisa"]
[Black "Grkovic, Vladan"]
[Result "1/2-1/2"]
[WhiteElo "2065"]
[BlackElo "2170"]
[PlyCount "94"]
[EventDate "2006.09.09"]

1. d4 c5 2. dxc5 Qa5+ 3. Nd2 Nf6 4. Ngf3 Qxc5 5. c4 b6 6. a3 Bb7 7. b4 Qc7 8.
Bb2 d6 9. e3 Nbd7 10. Be2 e6 11. O-O Be7 12. Rc1 Rc8 13. Nd4 O-O 14. N2f3 Rfd8
15. h3 Qb8 16. Qb3 h6 17. Rfd1 a6 18. Nh2 Qa8 19. Bf3 Ne4 20. Nf1 Ne5 21. Bxe4
Bxe4 22. f3 Bb7 23. e4 Bg5 24. Rc2 Rc7 25. Bc1 Bf6 26. Be3 Rdc8 27. Rdc1 Nd7
28. Nd2 Qb8 29. Ne2 Re8 30. Qd3 Be7 31. Bf4 Ne5 32. Qd4 Rc6 33. Qe3 Qc8 34. Qb3
Bg5 35. Bxg5 hxg5 36. Qe3 Qd8 37. Nd4 Rc8 38. N2b3 Qe7 39. c5 bxc5 40. bxc5
dxc5 41. Nxc5 Red8 42. Nxb7 Qxb7 43. Rxc8 Rxc8 44. Rxc8+ Qxc8 45. Qxg5 Qc5 46.
Qd8+ Kh7 47. Qh4+ Kg8 1/2-1/2